000 00346 a2200097 4500
245 0 0 _aElektroniczne przyrządy pomiarowe - Postanowienia ogólne PN-86/T-06500.01 /
_cMin. H i Przem. Maszynowego.
246 1 3 _aPN-86/T-06500.01
246 1 3 _a621.317.7:621.38
260 _aWarszawa :
_bMin. H i Przem. Maszynowego,
_c1986.
300 _a4 stron ;
_c30 cm.
650 _aPolska norma
999 _c20661
_d20661